Eponymous Adjectives by Definition Quiz Stats

Quiz Updated Dec 9, 2012

Also try: Eponym or EpoNOT?
Challenge
Share
Tweet
Embed
Score 0/24 Timer 05:00
0 Plays Today
% Correct
darwinian
85.2%
kennedyesque
82.9%
herculean
82%
freudian
78.1%
platonic
77.4%
amish
77.3%
chauvinistic
76.6%
pavlovian
76.4%
daliesque
71.8%
orwellian
71.8%
draconian
68.1%
machiavellian
65.2%
% Correct
mccarthyist
64.3%
dickensian
63.9%
keynesian
62.8%
quixotic
59.6%
boolean
59.2%
jungian
56.1%
homeric
54.5%
kafkaesque
49.9%
faustian
48.4%
cartesian
46.7%
bayesian
42.8%
hermetic
40.2%

You're not logged in!

Compare scores with friends on all Sporcle quizzes.
Sign Up with Email
OR
Log In

You Might Also Like...

Show Comments

Extras

Top Quizzes Today


Score Distribution

Your Account Isn't Verified!

In order to create a playlist on Sporcle, you need to verify the email address you used during registration. Go to your Sporcle Settings to finish the process.

Report this User

Report this user for behavior that violates our Community Guidelines.

Details: